Giáo trình Luật dân sự Việt Nam

Đã lưu trong:
书目详细资料
主要作者: Nguyễn, Ngọc Điện
格式: 图书
语言:Undetermined
出版: Cần Thơ Trường Đại học Cần Thơ 2004
主题:
标签: 添加标签
没有标签, 成为第一个标记此记录!
Thư viện lưu trữ: Trung tâm Học liệu Trường Đại học Cần Thơ
LEADER 00570nam a2200193Ia 4500
001 CTU_63389
008 210402s9999 xx 000 0 und d
082 |a 346.05 
082 |b Đ305/T1-Q2 
100 |a Nguyễn, Ngọc Điện 
245 0 |a Giáo trình Luật dân sự Việt Nam 
245 0 |c Nguyễn Ngọc Điện 
260 |a Cần Thơ 
260 |b Trường Đại học Cần Thơ 
260 |c 2004 
650 |a Civil law 
650 |z Viet nam 
904 |i Năm 
980 |a Trung tâm Học liệu Trường Đại học Cần Thơ